00583 2200181 4500001002100000005001500021035002000036007000300056008004100059020000600100082001000106084001600116245010600132260005300238300006300291650002200354110002500376INLIS00000000000467320260609104025 a0010-0626000027ta260609 g 0 ind  a- a959.8 a959.8 GUB k1 aKaltara Kelak Terdepan /cGubernur Kaltara Pj. (Penanggung Jawab); Iskandar Z. Datu (Penyusun Naskah) aTanjung Selor :bPemerintah Prov. Kaltara,c2015 axix; 148 Hal :bIlustrasi Berwarna; Teks; Gambar ;c25,5cm 4aSejarah Indonesia0 aGubernur Kaltara Pj.